Guess the Gracie Abrams song with no hints #3 - Statistics

General Stats
  • This quiz has been taken 591 times
  • The average score is 164 of 288
Answer Stats
Lyrics % Correct
I
100%
you
96%
you,
96%
You
96%
a
95%
the
85%
me
83%
me,
83%
to
79%
we
78%
We
78%
and
77%
it
77%
It
77%
your
73%
where
72%
no
69%
then
68%
in
67%
my
66%
that
64%
was
63%
like
62%
of
62%
were
62%
for
61%
what
60%
want
58%
didn't
56%
All
54%
all
54%
good
53%
about
52%
it's
52%
they
51%
But
50%
not
50%
felt
49%
Felt
49%
Got
48%
got
48%
never
48%
'til
48%
'Til
48%
Can't
46%
There
46%
time
45%
wanted
42%
'cause
41%
gave
41%
took
39%
had
38%
lost
38%
hard,
37%
hard
37%
out
36%
than
35%
almost
34%
away
34%
Bad
33%
bad
33%
blue
33%
Fell
33%
friends,
33%
reason
33%
tried
33%
walk
33%
funny
32%
interest
32%
way
32%
first
31%
meant
31%
more
31%
stop
31%
nights,
30%
nights
30%
thinkin',
30%
through
30%
planned
29%
vision
29%
black
28%
clear
28%
choose
27%
demanded,
27%
found
27%
listen,
27%
until
27%
wanting
27%
without
27%
believe
26%
happened
26%
palm,
26%
Crossed
25%
fallin'
25%
half
25%
somethin',
25%
decision
24%
laughin',
24%
lines,
24%
new
24%
past
24%
Really
24%
sleepin'
24%
fightin'
23%
future
23%
landed,
23%
picture-perfect
23%
reaction
23%
breath
22%
fuller
22%
Held
22%
lives,
22%
nice
22%
plannin'
22%
skipped
22%
train
22%
girls
20%
less
20%
misgivings
20%
realized
20%
wreck
20%
Fought
17%
omission
17%
premonitions
17%
Surefire
16%
No matching quizzes found
Score Distribution
Percent of People with Each Score
Percentile by Number Answered
Your Score History
You have not taken this quiz